| 000 | 00700nam a22002057a 4500 | ||
|---|---|---|---|
| 005 | 20260612164234.0 | ||
| 010 | _aENG-148826 | ||
| 020 |
_c200.00 _a9789391399801 |
||
| 035 | _aEN-132358 | ||
| 037 | _bDBAD | ||
| 082 |
_a248.86 _21 |
||
| 100 | _aSilva, Vinay | ||
| 245 |
_a10 Spiritual Benefits of Painful Situations/ _cVinay Silva |
||
| 250 | _a1 | ||
| 260 |
_bATC Publishers _aBengaluru _c2023 |
||
| 270 |
_aSt's Mary Block, Archdiocesan,Pastoral Center,#5, Nandidurga Road,Benson Town _bBengaluru _e560046 _k+918025491999 _k7090100444 _minfo@atcpublishers.com |
||
| 300 |
_a168p. _c21cm(pb) |
||
| 500 | _aGaining the Most From Your Suffering | ||
| 942 |
_2ddc _cEN _h248.86 _mSIL |
||
| 999 |
_c216633 _d216633 |
||